| 000 | 00509nam a2200181Ia 4500 | ||
|---|---|---|---|
| 999 |
_c23411 _d23411 |
||
| 003 | OSt | ||
| 005 | 20210104104401.0 | ||
| 008 | 190216s9999||||xx |||||||||||||| ||und|| | ||
| 020 | _a9788190601917 | ||
| 040 | _coclc | ||
| 082 |
_a894.8121 _bNAI/S |
||
| 100 |
_aNair, C P Unninanu _97669 |
||
| 245 | 0 |
_aSamsameeyam / _cC P Unninanu Nair |
|
| 260 |
_bOther Books, _c2009. _aCalicut: |
||
| 300 | _a50p | ||
| 650 | _aIslamic History | ||
| 942 |
_cBK _2ddc _h894.8121 _iNAI/S _k894.8121 _mNAI/S |
||